000 00783nam a22002417a 4500
001 130482
003 UA-OsUOA
005 20220414185049.0
007 ta
008 20180503b un ||||| |||| 00| 0 ukr d
020 _a9789662018073
040 _aUA-OsUOA
_bukr
_cUA-OsUOA
_dUA-OsUOA
041 _aukr
080 _a329(091)(477.62)
090 _a329(091)(477.62)
_bІ-99
245 _aІсторія Донецької Крайової організації Народного Руху України (1989–1991 рр.)
_bмонографія
_cВ. С. Білецький
260 _aДонецьк
_bУКЦ
_c2009
300 _a172 с.
650 7 _a32 Політика
_2UDC
942 _cBK
_2udc
955 _a1
999 _c418508
_d418508